000 00692nam a2200289Ia 4500
005 20260324133041.0
008 008 260324s9999 xx 000 0 eng d
020 _a9780203499979
037 _aEBOOK
040 _aCRL
040 _beng
040 _cCRL
041 _2eng
041 _aeng
084 _qCRL
100 _aVigdis Broch-Due
_91191606
245 0 _aViolence and Belonging
245 4 _bThe Quest for Identity in Post-Colonial Africa
260 _bTaylor and Francis
260 _c2004
365 _a
365 _b62.99
856 _uhttp://www.taylorfrancis.com/books/9780203499979
942 _cEBOOK
999 _c1790300
_d1790300